Juan Carlos, escucha : primer balance de la España sin Franco /

Enregistré dans:
Détails bibliographiques
Auteur principal: Calvo Hernando, Pedro (autor)
Format: Livre
Langue:espagnol
Publié: Madrid, España : Ultramar, 1976, c1976
Sujets:
Tags: Ajouter un tag
Pas de tags, Soyez le premier à ajouter un tag!

MARC

LEADER 00000nam^a2200000^a^4500
001 000181445
005 20250521000000.0
009 20260310101932.738
020 |a 84-7386-061-6 
037 |a Acervo ITESO - Biblioteca 
041 |a ESP 
082 |a 320. 9460832  |b CAL 
100 |a Calvo Hernando, Pedro  |e (autor) 
245 1 0 |a Juan Carlos, escucha :  |b primer balance de la España sin Franco /  |c P. Calvo Hernando. 
264 4 |a Madrid, España :  |b Ultramar,  |c 1976, c1976 
300 |a 338 p. 
336 |a texto  |b txt  |2 rdacontenido 
337 |a sin mediación  |b n  |2 rdamedio 
338 |a volumen  |b nc  |2 rdasoporte 
649 |a XX 
650 |a Políticos Españoles 
650 |a Reyes Españoles 
650 |a Elecciones -  |z España -  |x Historia -  |y 1976-1981 
650 |a Política -  |z España -  |x Historia -  |y Franquismo, 1939-1975 
650 |a Política -  |z España -  |x Historia -  |y 1976-1981 
650 |a Política -  |z España -  |x Historia -  |y Juan Carlos I, 1975-2014 
650 |a Política -  |z España -  |x Historia -  |y Siglo XX 
650 |a España -  |x Condiciones Políticas 
650 |a Juan Carlos I, Rey de España 
650 |a Suárez, Adolfo 
650 |a Arias Navarro, Carlos 
910 |a Fondo General 
920 |a Impresos - Libros 
930 |a Colección General 
905 |a 101 
901 |a 0500121058  |b IT1  |c ACC  |u 20250521 
902 |a https://opac.biblio.iteso.mx/vufind/Record/000181445